|
|
|
|
| LEADER |
00000nam0a2200000 4500 |
| 001 |
338417 |
| 005 |
20231102005039.0 |
| 035 |
|
|
|a (RuTPU)RU\TPU\book\364909
|
| 090 |
|
|
|a 338417
|
| 100 |
|
|
|a 20171124d1906 m y0rusy50 ca
|
| 101 |
1 |
|
|a rus
|c fre
|
| 102 |
|
|
|a RU
|
| 105 |
|
|
|a a z 000zy
|
| 200 |
1 |
|
|a Химия в промышленности, жизни и природе
|e пер. с фр.
|f О. Перре
|
| 210 |
|
|
|a Санкт-Петербург
|c Издание книжного магазина П. В. Луковникова
|d 1906
|
| 215 |
|
|
|a 159 с.
|c 24 ил.
|
| 606 |
1 |
|
|a Химия в быту
|2 stltpush
|3 (RuTPU)RU\TPU\subj\17383
|9 43042
|
| 606 |
1 |
|
|a Химия прикладная
|2 stltpush
|3 (RuTPU)RU\TPU\subj\70593
|9 84812
|
| 610 |
1 |
|
|a химическая промышленность
|
| 610 |
1 |
|
|a отопление
|
| 610 |
1 |
|
|a металлургия
|
| 610 |
1 |
|
|a питание
|
| 610 |
1 |
|
|a пищевая промышленность
|
| 610 |
1 |
|
|a освещение
|
| 610 |
1 |
|
|a одежда
|
| 610 |
1 |
|
|a украшения
|
| 610 |
1 |
|
|a косметика
|
| 610 |
1 |
|
|a медицина
|
| 610 |
1 |
|
|a фармацевтика
|
| 610 |
1 |
|
|a физические явления
|
| 610 |
1 |
|
|a химические явления
|
| 610 |
1 |
|
|a анализ
|
| 610 |
1 |
|
|a синтез
|
| 610 |
1 |
|
|a микробы
|
| 610 |
1 |
|
|a антисептики
|
| 610 |
1 |
|
|a животные
|
| 610 |
1 |
|
|a кровообращение
|
| 610 |
1 |
|
|a дыхание
|
| 610 |
1 |
|
|a материя
|
| 610 |
1 |
|
|a энергия
|
| 675 |
|
|
|a 648
|v 4
|
| 675 |
|
|
|a 54
|v 4
|
| 700 |
|
1 |
|a Перре
|b О.
|g Огюст
|
| 801 |
|
1 |
|a RU
|b 63413507
|c 20171124
|
| 801 |
|
2 |
|a RU
|b 63413507
|c 20180406
|g RCR
|
| 942 |
|
|
|c BK
|